000 00752nam a2200229 a 4500
005 20251023063914.0
008 010911s1992 r 000 0 eng d
020 _a8471336111
035 _aUPN01000111309
049 _aCG
050 4 _aLB2805
_bB3.28
100 1 _aBeare, Hedley
245 1 0 _aCómo conseguir centros de calidad :
_bnuevas técnicas de dirección /
_cHedley Beare, Brian J. Caldwell, Ross H. Millikan ; tr. Javier Orduna Cosmen.
260 _aMadrid :
_bLa Muralla,
_cc1992.
300 _a340 p.
440 0 _aAula abierta
650 4 _aAdministración educativa
_9498
650 4 _aEscuelas
_xDirección y organización
_9346
700 1 _aCaldwell, Brian J.,
_ecoaut.
700 1 _aMillikan, Ross H.,
_ecoaut.
905 _aLibro
999 _c85218
_d85218